000 00965cam a2200301 i 4500
001 1724422
003 EG-ScBUE
005 20260121093350.0
008 731204t1974 njua frb 001 0 eng d
020 _a0133502643
040 _aDLC
_beng
_erda
_cDLC
_dDLC
_dEG-ScBUE
082 0 4 _a551.6
_222
_bCRI
100 1 _aCritchfield, Howard J.,
_eauthor.
245 1 0 _aGeneral climatology /
_cHoward J. Critchfield, professor of geography, Western Washington State College.
250 _aThird edition.
264 1 _aEnglewood Cliffs, New Jersey :
_bPrentice-Hall,
_c[1974]
264 4 _cc1974
300 _axii, 446 pages :
_billustrations ;
_c23 cm
336 _2rdacontent
_atext
_btxt
337 _aunmediated
_2rdamedia
_bn
338 _avolume
_bnc
_2rdacarrier
504 _aIncludes bibliographical references and index.
650 7 _aClimatology.
_2BUEsh
_934711
651 _2BUEsh
653 _bGGEN
_cMay2018
655 _vReading book
942 _2ddc
_cBB
999 _c26714
_d26686